Financovanie malých a stredných podnikov diplomová práca

Gespeichert in:
Bibliographische Detailangaben
1. Verfasser: Dibala, Marián
Körperschaft: Fakulta podnikového manažmentu EU. Katedra podnikových financií
Weitere Verfasser: Fetisovová, Elena
Format: Buch
Sprache:Slowakisch
Veröffentlicht: Bratislava 2008
Tags: Tag hinzufügen
Keine Tags, Fügen Sie das erste Tag hinzu!

MARC

LEADER 00000nam$a2200000$$$4500
001 0088674
005 20240201115123.1
041 0 |a slo 
044 |a SK 
245 1 0 |a Financovanie malých a stredných podnikov  |b diplomová práca  |c Marián Dibala ; škol. Elena Fetisovová 
264 1 |a Bratislava  |c 2008 
300 |a 59 s. 
100 1 |a Dibala, Marián 
700 1 |a Fetisovová, Elena 
710 2 |a Fakulta podnikového manažmentu EU. Katedra podnikových financií